1359 1831 1453 1589 1223 1897 1807 1913 1622 1314 1924 1220 1524 1632 1303 1832 1696 1482 1893 1398 1486 1058 1530 1982 1033 1128 1992 1822 1927 1487 1626 1891 1980 1470 1444 1988 1163 1221 1017 1845 1499 1008 1323 1005 1282 1478 1812 1230 1742 1663 1570 1115 1698 1427 1540 1766 1245 1529 1605 1817 1027 1796 1664 1630 1727 1591 1945 1030 1043 1356 1729 1623 1898 1542 1687 1389 1654 1554 1211 1723 1477 1235 1020 1063 1723 1647 1542 1426 1421 1942 1327 1823 1516 1297 1560 1665 1333 1458 1166 BCNSPRNW ULIB Ver.6.0+V

เปลี่ยนเป็นภาษาไทย

Change to English
 แสดงรายละเอียดบรรณานุกรม
  กลับหน้าหลัก

Brief Record : Get Marc (ISO 2709) : E-mail record : QR code < ปิดหน้าต่าง
LEADER : 00000nam 2200000uu 4500
001    13399113384
003     ULIB
008    111109s2548||||th 000 0 tha d
020    9745065994
060 04 QZ200^bจ486ห 2548
100 0  จินนะรัตน์ ศรีภัทรภิญโญ
245 10 หลักเกณฑ์และแนวทางการจัดบริการตามมาตรฐานบริการพยาบาลสำหรับศูนย์ตติยภูมิ เฉพาะทางโรคมะเร็ง /^cจินนะรัตน์ ศรีภัทรภิญโญ, อัมภา ศรารัชต์, อุไรพร จันทะอุ้มเม้า
250    พิมพ์ครั้งที่ 1
260    นนทบุรี :^bสำนักการพยาบาล กรมการแพทย์ กระทรวงสาธารณสุข,^c2548
300    94 หน้า ;^c26 ซม.
650  7 มะเร็ง^xการพยาบาล
700 0  อัมภา ศรารัชต์
700 0  อุไรพร จันทะอุ่มเม้า
710 2  กรมการแพทย์. ^bสำนักการพยาบาล
710 2  กระทรวงสาธารณสุข
945    ^p0^l0^i24541
995    กัณชพร
999    ^aใช้งานได้ทุกระบบ
รายการนี้ยังไม่มีแท็ก
คุณยังไม่ได้ล็อกอิน คุณสามารถมีกิจกรรมร่วมกับเว็บไซต์ได้ แต่ต้องล็อกอินก่อน ::
  ล็อกอิน

รายการสื่อสารสนเทศ

ลำดับที่ ประเภท เลขเรียก/บาร์โค้ด สถานที่ สถานะ
- ไม่พบข้อมูล -

รายการใกล้เคียง
    ผู้แต่ง [จินนะรัตน์ ศรีภัทรภิญโญ]

BibComment


ยังไม่เคยถูกคอมเมนท์

คอมเมนท์ทรัพยากรรายการนี้
  คอมเมนท์: หลักเกณฑ์และแนวทา..


 Copyright 2026. Bcnsprnw @Library